000 00278nam a22000977a 4500
999 _c515678
_d515678
082 _aTNC O91x54 K166
100 _aKaur, Kuldip
_921404
245 _aPromotion of small family Norms through innovative methods
_cby Kuldip Kaur
260 _aChandigarh
_bCRRID
_c1997
300 _a198p.